00836nam a2200169 i 4500001000700000003000900007005001700016008004100033040002000074100003600094245014600130260007500276300002100351600003800372710004900410852020700459156267ES-MaACL20260301183523.0040804s1886 sp |||| | spa d aCAM bspa cCAM1 aJardiel, Florencio, d1844-193110aOración fúnebre de S.M. el Rey D. Alfonso XII b: predicada á la Real Maestranza de Caballería de Zaragoza / cpor Florencio Jardiel. aZaragoza : b[s.n.], c1886 (fEstablecimiento tipográfico de Comas) a30 p. ; c28 cm.04aAlfonso bXII, cRey de España2 aReal Maestranza de Caballería de Zaragoza. aES-MaACLjT-504-F-1 z-- Enc. hol., conservando la enc. editorial z-- Enc. en un vol. facticio z.- Anotación manuscrita en port.: "A la biblioteca del Ateneo por encargo del autor, Sánchez Moguel"